| 000 | 00496ntaaa2200193 4500 | ||
|---|---|---|---|
| 003 | 01 | ||
| 005 | 20251027202523.0 | ||
| 008 | 0714s1973 ag 01 | ||
| 040 |
_aAR-BaBN _bspa _cAR-BaBN _eaacr _dRIC |
||
| 082 | _a241.4000 V43 | ||
| 100 |
_aVartanián, Jacobo _916813 |
||
| 245 | _aDios es amor | ||
| 250 | _a1 ed. | ||
| 260 |
_aBuenos Aires : _bSeminario Evangelico Bautista, _c1950 |
||
| 300 | _a23 p. | ||
| 500 | _aTesisñ falta según inventario-1989 | ||
| 650 |
_aAmor _92539 |
||
| 942 | _cBK | ||
| 999 |
_c20226 _d20226 |
||